000 00334cam a22001097a 4500
008 180718b1981 xxu||||| |||| 00| 0 eng d
082 _aT000x54 6/T
245 _aTechnical note on sixth plan of India (1980-85)
_cby Planning Department
260 _a
_bGovernment of India
_c1981
300 _a239p.
700 _aIndia. Planning Department
999 _c496702
_d496702